000 00701nam a2200253Ii 4500
001 54631
003 CO-ViMGA
005 20260218162403.0
008 241108s9999||||xx |||||||||||||| ||und||
020 _a9580425493
020 _a9789580425496
040 _aCO-ViMGA
_bspa
_erda
_cCO-ViMGA
041 0 _aunk
084 _aN PEN1h
100 1 _aPennac, Daniel,
_d1944-
_939031
245 1 0 _aEl Hada carabina
264 1 _a[Lugar de publicación no identificado] : Norma, 1996
300 _avolumen
336 _atext
_btxt
_2rdacontent
337 _aunmediated
_bn
_2rdamedia
338 _avolume
_bnc
_2rdacarrier
940 _aidficha_siabuc: 11169. -- ficha_no_siabuc:11443
942 _2ddc
_cBK
999 _c54631
_d54631